000 00592nam a2200205Ia 4500
001 1757
003 GE_BSU
008 181216s||||||||xx |||||||||||||| ||und||
040 _cGE_BSU
080 _a51
100 _aЧистяков,В.Д.
245 _aСтаринные задачи по элементарной математике
260 _aМинск
260 _bВышейшая школа
260 _c1978
300 _a270стр. 17см.
541 _h6л.
653 _aСтаринные задачи по элементарной математике
942 _cBK
999 _c35866
_d35866